00483 2200169 4500001002100000008004100021035002000062245006000082100001600142260004100158300002100199020001800220084001400238082000800252650003900260990001400299INLIS000000000000397 ind  a0010-0725000102 aPetualangan Tom SawyerbBerburu Harta KaruncMark Twain aTwain, Mark aYogyakarta :bPenerbit Narasi,c2007 a412 hlm.c19 cm. a979-168-048-5 a810 TWA p a810 aLiteratur - Petualangan Tom Sawyer a000000450